000
00309pam a2200133 a 4500
020
_c
041
_h
082
_a
746.92
_b
MOS
100
_a
Afian Mostaedi.
245
_a
Outstanding Stands
_h
Textual Documents
260
_a
[s.l]:
_b
Page one Publishing,
_c
2006.
300
_a
177:
_b
Hard.
930
_a
5756
999
_c
239546
_d
239546